00729nam a2200241 a 4500001001300000003000900013005001700022008004100039020002300080082001600103100002200119245003700141260004900178300000900227500003500236505001000271650002300281700002200304902000800326942000700334952012900341999001700470nice12345678IN_TiNIC20260116013609.0050524s1992 alba grp 000 0 eng  a0791457 c93100a181.07bMOR aMorewedge, Parviz aNeoplatonism and Islamic Thought aAlbany bState University of New York c1992 a267p aincludes index and biblioraphy2 aIndex aPhilosophy-Islamic1 aMorewedge, Parviz bSRS cBK 001040708StackRoom-aHMIbHMId2007-07-31g931.00l2o181.07 MORp015286r2024-02-20s2024-02-13v931.00w2005-05-24yBK c11601d11601